[Event "1.CLZ 14/15,Unichess B-Karlovarsky sachklub"]
[Site "Praha"]
[Date "2015.02.15"]
[Round "8.8"]
[White "Fric, Pavel"]
[Black "Splichal, Petr"]
[Result "1/2-1/2"]
[BlackElo "1990"]
[WhiteElo "2038"]
[LiveChessVersion "1.4.4"]

1. d4 {[%clk 1:30:56]} Nf6 {[%clk 1:30:45]} 2. c4 {[%clk 1:31:24]} g6
{[%clk 1:30:57]} 3. Nc3 {[%clk 1:31:51]} d6 {[%clk 1:31:08]} 4. e4
{[%clk 1:32:10]} Bg7 {[%clk 1:30:57]} 5. f3 {[%clk 1:32:38]} O-O {[%clk 1:31:06]}
6. Be3 {[%clk 1:33:06]} c5 7. d5 {[%clk 1:31:43]} Na6 {[%clk 1:29:19]} 8. Qd2
{[%clk 1:31:24]} Re8 {[%clk 1:29:32]} 9. Nge2 {[%clk 1:31:03]} Nc7
{[%clk 1:25:05]} 10. g4 {[%clk 1:31:09]} a6 {[%clk 1:17:33]} 11. Ng3
{[%clk 1:30:22]} b5 {[%clk 1:14:56]} 12. h4 {[%clk 1:28:58]} bxc4
{[%clk 1:06:51]} 13. h5 {[%clk 1:28:32]} e6 {[%clk 0:58:44]} 14. hxg6
{[%clk 1:24:31]} hxg6 {[%clk 0:48:20]} 15. Bh6 {[%clk 1:18:52]} Bh8
{[%clk 0:43:52]} 16. O-O-O {[%clk 1:09:20]} Nb5 {[%clk 0:42:56]} 17. Bg5
{[%clk 0:57:33]} Nxc3 {[%clk 0:33:12]} 18. bxc3 {[%clk 0:40:54]} Bg7
{[%clk 0:31:36]} 19. dxe6 {[%clk 0:31:01]} Bxe6 {[%clk 0:28:25]} 20. Qf4
{[%clk 0:27:48]} Nd5 {[%clk 0:24:03]} 21. exd5 {[%clk 0:25:22]} Qa5
{[%clk 0:24:13]} 22. Ne4 {[%clk 0:18:50]} Qa3+ {[%clk 0:24:17]} 23. Kd2
{[%clk 0:17:10]} Bxd5 {[%clk 0:23:40]} 24. Bf6 {[%clk 0:12:43]} Bxe4
{[%clk 0:23:42]} 25. fxe4 {[%clk 0:11:06]} Qb2+ {[%clk 0:22:25]} 26. Ke3
{[%clk 0:10:58]} Bxf6 {[%clk 0:18:50]} 27. Qxf6 {[%clk 0:10:06]} Rxe4+
{[%clk 0:18:55]} 28. Kxe4 {[%clk 0:10:04]} Re8+ {[%clk 0:19:19]} 29. Kf3
{[%clk 0:01:55]} Qb7+ {[%clk 0:19:27]} 30. Kf2 {[%clk 0:02:17]} Qxh1
{[%clk 0:15:36]} 31. Bxc4 Qh2+ {[%clk 0:14:13]} 32. Kf3 {[%clk 0:03:07]} Qh3+
{[%clk 0:13:51]} 1/2-1/2